000 00777nam a2200217Ii 4500
003 JO-AjNU
008 230605s9999||||xx |||||||||||||| ||und||
017 _a2004/9/2434
040 _aJO-AjNU
_bara
_erda
_cJO-AjNU
041 _aara
050 1 4 _aPJ6161.H3722 2005
100 3 _aعلي الهاشمي، عبد الرحمن عبد,
_eauthor
_922148
245 0 0 _aالتعبيرفلسفته-واقعه-تدريسه-أساليب تصحيحه
250 _aط1
264 3 1 _aعمان: دار المناهج، 2004
300 _a166ص
336 _atext
_btxt
_2rdacontent
337 _aunmediated
_bn
_2rdamedia
338 _avolume
_bnc
_2rdacarrier
650 4 _aالتدريس-الكتابة-اللغة العربية-طرق التعليم-وسائل التدريس
_922149
999 _aA7815
_c11383
_d11383